000 00581nam a2200217Ia 4500
003 0100
008 130303s9999 xx 000 0 und d
020 _a0797423125
040 _cARRUPELIB
050 _aHC800.Z5S678 2001
245 4 _aThe social effects and politics of public debt in Zimbabwe
245 _bthe impact of public debt management on development
260 _aHarare
260 _bZIMCODD
260 _C2001
300 _avii
300 _b56p. 25cm.
650 _bCriticism
650 _cLiterature--History and criticism--Theory
942 _2lcc
_01
999 _c59634
_d59634